Quiénes amenazan a la paz
Guardat en:
| Format: | Text |
|---|---|
| Publicat: |
Moscú:
Editora Militar del Ministerio de Defensa de la URSS
|
| Etiquetes: |
Afegir etiqueta
Sense etiquetes, Sigues el primer a etiquetar aquest registre!
|
MARC
| LEADER | 00000 a a2200000 04500 | ||
|---|---|---|---|
| 001 | 23785 | ||
| 003 | |||
| 040 | |||
| 090 | |a 168200 | ||
| 245 | |a Quiénes amenazan a la paz | ||
| 260 | |a Moscú: |b Editora Militar del Ministerio de Defensa de la URSS | ||
| 300 | |a 79 p. | ||
| 999 | |c 12737 |d 12737 | ||
